| 000 | 00792nam a2200265 a 4500 | ||
|---|---|---|---|
| 001 | 56574 | ||
| 003 | BD-RjUL | ||
| 005 | 20211209080419.0 | ||
| 008 | 161201s1980 enk b 000 0 eng | ||
| 020 | _a0631129014 | ||
| 035 | _a(BD-RjUL)56698 | ||
| 040 |
_aDLC _cDLC _dBD-RjUL _beng |
||
| 041 | 1 |
_aeng _hger |
|
| 082 |
_a160 _bTRA 1980 _223 |
||
| 245 | 1 | 0 |
_aTranslations from the philosophical writings of Gottlob Frege / _cedited by Peter Geach and Max Black. |
| 250 | _a3rd. ed. | ||
| 260 |
_aOxford : _bBasil Blackwell, _c1980 |
||
| 300 |
_ax, 228 p. : _c22 cm. |
||
| 650 | 0 |
_aPhilosophical logic _95282 |
|
| 700 | 1 |
_aGeach, P. T. _q(Peter Thomas), _d1916-2013. _991382 |
|
| 700 | 1 |
_aBlack, Max, _d1909-1988 _986892 |
|
| 942 |
_2ddc _cBK |
||
| 999 |
_c56574 _d56574 |
||